000 01359nam0a2200385 4500
001 RU\NLR\bibl\537660
005 20250609152918.0
010 _a5-901116-08-9
021 _aRU
_b2004-6122
_9315
035 _aRSL-KNO-002406587
035 _a(NLR Aleph) 000529924
090 _a1346531
_c1346531
100 _a20040312d2003 |||y0rusy50 ca
101 1 _arus
_cger
_ceng
102 _aRU
105 _ay |||||||||
106 _ar
200 1 _aКомментарии к искусству
_fБорис Гройс
_g[Пер. с нем. А. Фоменко и др.
_gПер. с англ.: Е. Лазарева и др.]
210 _aМ.
_cХЖ
_d2003
_eППП Тип. Наука
215 _a341,[1] с.
_d21
225 1 _aModus pensandi
225 1 _aПрагматика культуры
606 0 _aИзобразительное искусство
_xТеория
_92079302
_3RU\NLR\auth\661255179
686 _aЩ100.0,0
_2rubbk
686 _aЩ10г(2)7д Гройс Б.-3,0
_2rubbk
686 _aЮ822.8,0
_2rubbk
686 _aЩ100.0
700 1 _4070
_7ca
_8rus
_aГройс
_bБ. Е.
_f1947-
_gБорис Ефимович
_9175617
_3RU\NLR\AUTH\770175668
801 0 _aRU
_bRuMoRKP
_c20040312
_gPSBO
801 1 _aRU
_bRuMoRKP
_c20040312
801 2 _aRU
_bNLR
_c20040707
_gPSBO
942 _cBOOK
980 _aNB